000 00423 a2200169 4500
020 _a0073528366
022 _a07302606
082 _a658.05
090 _c6578
_d6578
100 _aJohn E.Richardson
245 _aMarketing.
_bAnnual editions.
_cJohn E.Richardson
250 _a28th.
260 _aDubuque.
_bContemporary learning.
_c2006-007
300 _a207p.
500 _aHard cover
942 _aNBS
_cBK
_k658.05 RIC
999 _c348936
_d348936